000 00542nam a22001817a 4500
003 LK-CoDNM
005 20240119134312.0
008 240119b |||||||| |||| 00| 0 eng d
020 _a9786240017282
040 _aLK-CoDNM
_dLK-CoDNM
_eLK-CoDNM
041 _asin
080 _a745
_bNAN
100 _aනානායක්කාර,නන්දන මෝහාන්
245 _aබුදුසමය සහ චිත්‍ර කලාව
260 _aColombo
_bS. Godage Saha Sahodarayo
_c2023
300 _a156p.,21cm
942 _cBK
999 _c144477
_d144477